000 00719nam a22002417a 4500
008 150722b xxu||||| |||| 00| 0 eng d
020 _a0273638491
041 0 _aeng
080 _a658 : 004
245 _aBusiness Information Systems :
_cPaul Bocij; Dave Chaffey; Andrew Greasley; et. al.
260 _aGreat Britain :
_bPearson Education Limited ;
_c1999.
300 _a731 f.:
_bme il.;
_c24 cm.
505 _aIndex: f. 721-731
650 0 _aOrganizim
650 0 _aTeknologji
650 0 _aZhvillim
650 0 _aKompjuterët
700 _aPaul Bocij ;
700 _aDave Chaffey ;
700 _aAndrew Greasley ;
700 _aSimon Hickie ;
942 _2udc
_cBK
999 _c1135
_d1135